| 000 | | | 04981cbm0a2200313#x 450 |
| 001 | | | 458927d5-ad89-4f69-af1e-c109cd824105 |
| 005 | | | 20210812092424.0 |
| 100 | ## | $a | 20210812j19400205k###0rusy50 ca |
| 101 | 0# | $a | rus |
| 102 | ## | $a | AF |
| 122 | 0# | $a | d19400205## |
| 200 | 1# | $a | Шифртелеграмма полпреда СССР в Афганистане К. А. Михайлова в НКИД СССР об опасениях афганского правительства по поводу возможной агрессии СССР, о германо-афганских отношениях и транзите афганских и немецких товаров через СССР |
| | $j | 5 февраля 1940 г. |
| 251 | ## | $c | Документ |
| 300 | ## | $a | Заверенная копия. Резолюции - автографы И. В. Сталина и В. М. Молотова |
| 461 | #0 | $1 | 2001 |
| | $a | Ф. 558 |
| | $1 | 251 |
| | $c | Фонд |
| | $1 | 852 |
| | $j | 558 |
| 462 | #0 | $1 | 2001 |
| | $a | Оп. 11 |
| | $1 | 251 |
| | $c | Опись |
| | $1 | 852 |
| | $j | 11 |
| 462 | #0 | $1 | 2001 |
| | $a | Д. 215 |
| | $v | Л. 98-99 |
| | $1 | 251 |
| | $c | Дело |
| | $1 | 852 |
| | $j | 215 |
| 600 | #1 | $2 | prlib_sh |
| | $3 | LIBNET\UAF\0000091171 |
| | $a | Сталин |
| | $b | И. В. |
| | $g | Иосиф Виссарионович |
| | $f | 1879-1953 |
| | $x | Автографы |
| 600 | #1 | $2 | prlib_sh |
| | $3 | LIBNET\UAF\0000091212 |
| | $a | Молотов |
| | $b | В. М. |
| | $g | Вячеслав Михайлович |
| | $f | 1890-1986 |
| | $x | Автографы |
| 605 | ## | $2 | prlib_sh |
| | $3 | LIBNET\UAF\0000088514 |
| | $a | Вторая мировая война в архивных документах (Комплекс оцифрованных архивных документов, кино- и фотоматериалов) |
| | $l | коллекция |
| 617 | ## | $a | СССР |
| | $f | 1940 |
| | $2 | prlib_sh |
| 617 | ## | $a | Афганистан |
| | $f | 1940 |
| | $2 | prlib_sh |
| 686 | ## | $a | 63.3(5Афг)62-6ю11 |
| | $v | LBC/M |
| | $2 | rubbk |
| 686 | ## | $a | 63.3(2)621-6ю11 |
| | $v | LBC/M |
| | $2 | rubbk |
| 801 | #0 | $a | RU |
| | $b | ПБ им. Б.Н. Ельцина |
| | $c | 20210812 |
| 801 | #1 | $a | RU |
| | $b | ПБ им. Б.Н. Ельцина |
| | $c | 20210812 |
| | $2 | rusmarc |
| 801 | #2 | $a | RU |
| | $b | ПБ им. Б.Н. Ельцина |
| | $c | 20210812 |
| | $2 | rusmarc |
| 850 | ## | $a | Российский государственный архив социально-политической истории |
| 852 | ## | $a | РГАСПИ |
| | $j | Л. 98-99 |
| 035 | ## | $a | LIBNET\0001175630 |
| 937 | ## | $d | 167099357 |
| | $h | Федеральное архивное агентство |
| 856 | 4# | $u | http://readingroom.main.prlib.ru/item.aspx?id_node=n167099357&mode=full |